000 00563nam a2200217Ia 4500
001 3162
003 GE_BSU
008 181216s||||||||xx |||||||||||||| ||und||
040 _cGE_BSU
080 _a51(075.8)
100 _aМаркович,Э.С.
245 _aКурс высшей математики.
245 _bУчебник.
245 _cРед. Р.С.Гутер.
260 _aМ.
260 _bРосвузидат.
260 _c1963.
300 _a408 стр. 21 см.
653 _aКурс высшей математики.
942 _cBK
999 _c37205
_d37205